Holešov /

Hlavní autor: Petrů, Jaroslav, 1930-2006
Další autoři: Svoboda, K., Secký, Jindřich, 1933-
Jazyk: Čeština
Vydáno: Brno : Krajské středisko státní památkové péče a ochrany přírody, 1967
Témata:
Externí odkaz: Digitalizovaný dokument
Fyzický popis: [8] s. : il. ; 12°
Knihy
Uloženo v:
LEADER 01715nam a22003972a 4500
001 000283209
003 CZ BrMZK
005 20180720070809.0
007 ta
008 980105s1967 xr a f cze d
015 |a cnb000448282 
035 |a (OCoLC)42104819 
040 |a ABA001  |b cze  |c PNA001  |d ABA001  |d BOA001  |e aacr2 
043 |a e-xr---  |b e-xr-zl  |2 czenas 
072 7 |a 72  |x Architektura  |2 Konspekt  |9 21 
080 9 |a 728.82  |2 MRF 
080 |a (437.323)  |2 MRF 
080 |a (036)  |2 MRF 
100 1 |a Petrů, Jaroslav,  |d 1930-2006  |7 jk01092847  |4 aut  |4 pht 
245 1 0 |a Holešov /  |c text Jaroslav Petrů ; snímky K. Svoboda, Jindřich Secký, autor a [kol.] 
260 |a Brno :  |b Krajské středisko státní památkové péče a ochrany přírody,  |c 1967 
300 |a [8] s. :  |b il. ;  |c 12° 
500 |a Dostupné též v digitální podobě v aplikaci Kramerius 
610 2 7 |a Holešov (zámek)  |7 kn20060621004  |2 czenas 
650 0 7 |a zámky  |z Česko  |7 ph127734  |2 czenas 
651 7 |a Holešov (Česko)  |7 ge129276  |2 czenas 
655 7 |a informační publikace  |7 fd132454  |2 czenas 
700 1 |a Svoboda, K.  |4 pht 
700 1 |a Secký, Jindřich,  |d 1933-  |7 mzk2002103446  |4 pht 
856 4 1 |u http://www.digitalniknihovna.cz/mzk/uuid/uuid:aee9ea60-5bf6-11eb-b4d1-005056827e51  |y Digitalizovaný dokument  |x NDK 
910 |a BOA001  |b X-0599.999  |b PK-A-0012.443  |b X-0600.000 
990 |a BK 
991 |b 201801 
996 6 |b 2619849930  |c X-0600.000  |l MZK  |r Sklad / do 24 hodin  |n 8  |w 000283209  |u 000030  |a 1  |e BOA001  |j MZK50  |s P 
996 6 |b 2619875447  |c X-0599.999  |l MZK  |r Sklad / do 24 hodin  |n 6  |w 000283209  |u 000010  |a 1  |e BOA001  |j MZK50  |s P 
996 7 |b 3119966024  |c PK-A-0012.443  |l MZK  |r Sklad / do 1 hodiny  |n 24  |w 000283209  |u 000020  |a 1  |e BOA001  |j MZK50  |s A